| LEADER | 02048nam a2200241 4500 | ||
|---|---|---|---|
| 082 | |a 891.7 |b V114h | ||
| 100 | |a Nguyễn Tường Lân | ||
| 245 | |a Văn học nước ngoài |c Nguyễn Tường Lân, Dương Thanh Kỳ, Nguyễn Văn Hạnh,... |b Viết theo kế hoạch của hội đồng hợp tác biên soạn... | ||
| 260 | |a Nghệ An |b Trường CĐSP Nghệ An |c 1994 | ||
| 300 | |a 150 tr. |c 21 cm | ||
| 520 | |a v.v... | ||
| 653 | |a Văn học | ||
| 653 | |a Nga | ||
| 942 | |2 ddc |c STK0 | ||
| 999 | |c 2306 |d 2306 | ||
| 952 | |0 0 |1 0 |2 ddc |4 0 |6 372_640000000000000_V114H |7 1 |8 800 |9 30995 |a qbu |b qbu |c D2 |d 2014-12-13 |l 3 |m 1 |o 372.64 V114h |p 3796.c1 |r 2016-12-21 |s 2016-12-15 |w 2014-12-13 |y STK0 |0 0 |6 891_700000000000000_V114H | ||
| 952 | |0 0 |1 0 |2 ddc |4 0 |6 372_640000000000000_V114H |7 0 |8 800 |9 30996 |a qbu |b qbu |c D2 |d 2014-12-13 |l 13 |m 10 |o 372.64 V114h |p 3796.c2 |r 2019-04-10 |s 2019-03-19 |w 2014-12-13 |y STK0 |0 0 |6 891_700000000000000_V114H | ||
| 952 | |0 0 |1 0 |2 ddc |4 0 |6 372_640000000000000_V114H |7 0 |8 800 |9 30997 |a qbu |b qbu |c D2 |d 2014-12-13 |l 9 |m 4 |o 372.64 V114h |p 3796.c3 |r 2019-02-26 |s 2019-02-18 |w 2014-12-13 |y STK0 |0 0 |6 891_700000000000000_V114H | ||
| 952 | |0 0 |1 0 |2 ddc |4 0 |6 372_640000000000000_V114H |7 0 |8 800 |9 30998 |a qbu |b qbu |c D2 |d 2014-12-13 |l 7 |m 5 |o 372.64 V114h |p 3796.c4 |r 2018-05-15 |s 2018-04-19 |w 2014-12-13 |y STK0 |0 0 |6 891_700000000000000_V114H | ||
| 952 | |0 0 |1 0 |2 ddc |4 0 |6 372_640000000000000_V114H |7 0 |8 800 |9 30999 |a qbu |b qbu |c D2 |d 2014-12-13 |l 3 |m 1 |o 372.64 V114h |p 3796.c5 |r 2019-12-24 |s 2019-12-23 |w 2014-12-13 |y STK0 |0 0 |6 891_700000000000000_V114H | ||
| 952 | |0 0 |1 0 |2 ddc |4 0 |6 372_640000000000000_V114H |7 0 |8 800 |9 31000 |a qbu |b qbu |c D2 |d 2014-12-13 |l 17 |m 7 |o 372.64 V114h |p 3796.c6 |r 2019-12-24 |s 2019-12-23 |w 2014-12-13 |y STK0 |0 0 |6 891_700000000000000_V114H | ||
| 952 | |0 0 |1 0 |2 ddc |4 0 |6 372_640000000000000_V114H |7 0 |8 800 |9 105153 |a qbu |b qbu |c D2 |d 2016-01-13 |l 7 |m 2 |o 372.64 V114h |p 3796.c7 |r 2019-02-25 |s 2019-02-20 |w 2016-01-13 |y STK0 |0 0 |6 891_700000000000000_V114H | ||
| 952 | |0 0 |1 0 |2 ddc |4 0 |6 891_700000000000000_V114H |7 0 |8 300 |9 110771 |a qbu |b qbu |c D2 |d 2017-05-30 |l 1 |o 891.7 V114h |p 3796.c8 |r 2019-12-09 |s 2019-11-21 |w 2017-05-30 |y STK0 | ||